00558nam a2200145 a 4500008004100000050001800041100002000059245005900079260002800138300001000166350000900176995008400185999001700269952012600286120416s1980 ||||||||||||||||| || u aHG 4027.5 Zen aZenoff, David B10aManagement principles for finance in the multinational aLondonbEuromoneyc1980 a208p. a0.00 D0.00FCBU-MAIN LIBRARY (Kitwe)H1I0.00UAVAILABLEZAnnex Low-Usage Collection  c50012d50012 00102lcc4070a001b001cAnnex Low-Usage Collection d2022-11-30l0oHG 4027.5 Zenp007450r2022-11-30w2022-11-30y002